Statistics for Manchester City squad 2019-2020

Click here to take the quiz!

General Stats

  • This quiz has been taken 1,303 times
    (1,265 since last reset)
  • The average score is 23 of 28

Answer Stats

PositionNationNumberAnswer% Correct
RBEngland2Kyle Walker
98%
STArgentina10Sergio Aguero
98%
CBEngland5John Stones
96%
CAMBelgium17Kevin de Bruyne
96%
RWEngland7Raheem Sterling
96%
STBrazil9Gabriel Jesus
95%
CMPortugal20Bernardo Silva
94%
CMSpain21David Silva
94%
GKBrazil31Ederson
94%
GKChile1Claudio Bravo
93%
RWAlgeria26Riyad Mahrez
93%
CMGermany8Ilkay Gundogan
91%
LWGermany19Leroy Sane
91%
LBFrance22Benjamin Mendy
90%
CDMBrazil25Fernandinho
90%
LBUkraine11Oleksandr Zinchenko
90%
CBFrance14Aymeric Laporte
89%
CoachSpain-Pep Guardiola
87%
RBPortugal27Joao Cancelo
86%
CAMEngland47Phil Foden
86%
CBArgentina30Nicolas Otamendi
85%
CDMSpain16Rodri
85%
RBBrazil3Danilo
74%
GKEngland13Scott Carson
49%
CBFrance15Eliaquim Mangala
45%
RBSpain12Angelino
37%
GKKosovo49Arijanet Muric
36%
GKEngland32Daniel Grimshaw
18%

Score Distribution

Percentile by Number Answered

Percent of People with Each Score

Your Score History

You have not taken this quiz since the last reset